Bahamas Islands Quiz - Statistics

General Stats
  • This quiz has been taken 36 times
  • The average score is 9 of 19
Answer Stats
Largest City Island % Correct
Freeport Grand Bahama
89%
Nassau New Providence
74%
______ Town Andros
70%
Dundas Town Abaco
63%
Governer's Harbour Eleuthera
59%
Arthur's Town Cat Island
56%
Matthew Town Inagua
56%
Clarence Town Long Island
56%
Bailey Town Bimini
48%
George Town Exuma and Cays
48%
Cockburn Town San Salvador
48%
Colonel Hill Crooked Island
44%
Salina Point Acklins
41%
Abraham's Bay Mayaguana
41%
Port Nelson Rum Cay
41%
Duncan Town Ragged Islands
30%
Bullock's Harbour Berry Islands
26%
Dunmore Town Harbour Island
22%
______ Spanish Wells
7%
No matching quizzes found
Score Distribution
Percent of People with Each Score
Percentile by Number Answered
Your Score History
You have not taken this quiz